| 000 | 00571 a2200169 4500 | ||
|---|---|---|---|
| 999 |
_c5135 _d5135 |
||
| 010 | _aENG-86748 | ||
| 020 |
_c300.00 _a8179661717 |
||
| 035 | _aEN-70281 | ||
| 037 | _bDBAD / PUB | ||
| 082 | 1 | 4 | _a884 |
| 245 | 1 |
_aNarratives of (Dis)content : _cedited by M. Dasan _bcritical essays on commonwealth literature / |
|
| 260 |
_aChennai _bEmerald Publishers _c2006 |
||
| 270 |
_a15A, 1st Floor, Casa Major Road, Egmore, _bChennai _e600 008 _minfo@emeraldpublisers.com |
||
| 300 |
_ax, 230p _c22cm (pbk) |
||
| 700 | _aDasan, M. | ||
| 942 |
_adpl _cEN _2ddc _h884 _mNAR |
||